Top 100 Girls Names in the US from the 1990's - Statistics

General Stats
  • This quiz has been taken 3,893 times
  • The average score is 51 of 100
Answer Stats
Hint Answer % Correct
S Sara
91%
J Jessica
90%
K Katie
88%
E Emily
87%
E Elizabeth
86%
E Emma
85%
J Jennifer
85%
A Anna
81%
M Mary
80%
B Breanna
79%
B Briana
79%
B Brianna
79%
H Hannah
79%
R Rachel
79%
S Samantha
77%
O Olivia
75%
V Victoria
75%
A Amanda
74%
A Ashley
73%
A Amy
72%
L Laura
71%
M Maria
70%
S Sarah
70%
K Katherine
69%
K Kathryn
69%
L Lauren
69%
M Madeline
69%
R Rebecca
69%
J Julia
68%
M Melissa
66%
S Stephanie
66%
A Allison
65%
M Michelle
65%
N Nicole
65%
A Alexandra
64%
A Alexandria
64%
C Christina
64%
A Abigail
62%
B Brittany
60%
B Brittney
60%
K Kelly
60%
N Natalie
60%
M Megan
59%
D Danielle
58%
G Grace
58%
M Madison
57%
E Erin
55%
A Amber
54%
A Angela
53%
C Caroline
53%
H Heather
53%
K Kimberly
53%
T Taylor
52%
V Vanessa
50%
C Catherine
49%
K Kayla
49%
M Molly
47%
A Andrea
46%
C Courtney
46%
D Diana
46%
A Alexis
45%
T Tiffany
45%
A Alyssa
44%
A Alicia
42%
L Leah
41%
J Jasmine
40%
J Jenna
40%
M Monica
38%
E Erica
37%
M Morgan
35%
G Gabrielle
34%
B Brooke
33%
J Jamie
32%
C Chelsea
31%
K Kristen
31%
S Shannon
31%
C Crystal
30%
J Jordan
30%
L Lindsey
30%
K Kelsey
28%
P Paige
28%
H Haley
27%
J Jacqueline
26%
M Mackenzie
26%
S Savannah
26%
C Cassandra
25%
W Whitney
25%
M Miranda
23%
C Caitlin
22%
M Marissa
21%
K Kaitlyn
20%
K Katelyn
20%
S Sabrina
19%
S Sierra
18%
S Sydney
18%
D Destiny
17%
M Mariah
17%
S Shelby
15%
E Erika
10%
C Cheyenne
8%
No matching quizzes found
Score Distribution
Percent of People with Each Score
Percentile by Number Answered
Your Score History
You have not taken this quiz